Juan de Mariana, cantor de España / (Record no. 29665)

MARC details
000 -LEADER
campo de control de longitud fija 00907nam a2200253 i 4500
001 - NÚMERO DE CONTROL
campo de control 29665
003 - IDENTIFICADOR DE NÚMERO DE CONTROL
campo de control ES-MaACL
005 - FECHA Y HORA DE LA ÚLTIMA TRANSACCIÓN
campo de control 20240512063032.0
007 - CAMPO FIJO DE DESCRIPCIÓN FÍSICA--INFORMACIÓN GENERAL
campo de control de longitud fija t|
008 - DATOS DE LONGITUD FIJA--INFORMACIÓN GENERAL
campo de control de longitud fija 030122s1943 sp ||||1| spa d
100 1# - ENTRADA PRINCIPAL--NOMBRE DE PERSONA
Nombre de persona Mariana, Juan de,
Fechas asociadas al nombre 1536-1624
9 (RLIN) 76675
245 10 - MENCIÓN DEL TÍTULO
Título Juan de Mariana, cantor de España /
Mención de responsabilidad, etc. selección y estudio de Manuel Ballesteros Gaibrois.
250 ## - MENCION DE EDICION
Mención de edición 3ª ed.
260 ## - PUBLICACIÓN, DISTRIBUCIÓN, ETC.
Lugar de publicación, distribución, etc. Madrid :
Nombre del editor, distribuidor, etc. Ediciones Fe,
Fecha de publicación, distribución, etc. 1943 (
Fabricante Gráficas Uguina)
300 ## - DESCRIPCIÓN FÍSICA
Extensión 233 p. ;
Dimensiones 17 cm.
490 1# - MENCIÓN DE SERIE
Mención de serie Breviarios del pensamiento español
651 #4 - PUNTO DE ACCESO ADICIONAL DE MATERIA--NOMBRE GEOGRÁFICO
Nombre geográfico España-
Subdivisión general Historia.
9 (RLIN) 8209
651 #4 - PUNTO DE ACCESO ADICIONAL DE MATERIA--NOMBRE GEOGRÁFICO
Nombre geográfico España-
Subdivisión general Usos y costumbres.
9 (RLIN) 8515
700 1# - ENTRADA AGREGADA--NOMBRE PERSONAL
Nombre de persona Ballesteros Gaibrois, Manuel,
Fechas asociadas al nombre 1911-2002
9 (RLIN) 25056
830 0# - PUNTO DE ACCESO ADICIONAL DE SERIE-TÍTULO UNIFORME
Título uniforme Breviarios del pensamiento español
9 (RLIN) 180739
852 ## - LOCALIZACIÓN
Ubicación ES-MaACL
Número de control de estantería G-9294(1)
itemnumber R.145131
Nota libre .- Encuadernado con otras obras
852 ## - LOCALIZACIÓN
Ubicación ES-MaACL
Número de control de estantería G-3553
Holdings
Estatus retirado Estado de pérdida Estado de daño No para préstamo Biblioteca de origen Biblioteca actual Ubicación en estantería Fecha de adquisición Fuente de adquisición Total de préstamos Signatura topográfica completa Código de barras Visto por última vez Fecha del último préstamo Precio de reemplazo Tipo de ítem Koha
        Biblioteca del Ateneo de Madrid Biblioteca del Ateneo de Madrid Depósito 2 13/03/2014   1 G-3553 1192674 25/11/2025 13/11/2025 23/02/2023 Libro impreso
        Biblioteca del Ateneo de Madrid Biblioteca del Ateneo de Madrid Sala Pecera Planta 3 02/09/2009     G-9294(1) 1181244 23/02/2023   23/02/2023 Libro impreso